000
00297nam a2200121Ia 4500
008
150201s2008 xx 000 0 und d
082
_a
603
_b
O08O
100
_a
OXFORD
245
_a
OXFORD ENGLISH REFERENCE DICTIONARY
260
_b
OXFORD
_a
NEW YORK
_c
2008
650
_a
DICTIONARIES
942
_2
ddc
_c
BK
999
_c
869
_d
869